| 000 | 00496nam a2200157 a 4500 | ||
|---|---|---|---|
| 001 | 000044771 | ||
| 005 | 20201002045620.0 | ||
| 008 | 150109s2014 it 000 0 spa d | ||
| 020 | _a9788888755069 | ||
| 040 |
_aDO-SdBNP _bspa _cBNPHU |
||
| 100 | 1 |
_aCepeda, Braulio _972783 |
|
| 245 | 1 | 0 |
_aLuz o Tinieblas : _buna elección que debes hacer / _cBraulio Cepeda ; prólogo Ana Meneghello. |
| 260 |
_a[Italia] : _bs.n.], _c2014. |
||
| 300 |
_a63 p. ; _c21 cm. |
||
| 700 | 1 |
_aMeneghello, Ana _epról. _972784 |
|
| 999 |
_c44260 _d44260 |
||